| 000 | 00338nam a2200133Ia 4500 | ||
|---|---|---|---|
| 008 | 210210b1974 xxu||||| |||| 00| 0 eng d | ||
| 082 | _a820.33 MALM | ||
| 100 | _aMALGONKAR (Manohar). | ||
| 245 | _aMen who killed Gandhi. | ||
| 260 |
_aN D _bOrient Paperbacks _c1974 |
||
| 300 | _a192 | ||
| 690 | _aIndian English Fiction | ||
| 906 | _a038764 | ||
| 999 |
_c88697 _d88697 |
||